Konec finančního leasingu?
Finančný lízing - prenájom, ktorý umožňuje nájomcovi za finančnú úhradu získať pre podnikateľské účely určitý stroj, alebo aj nehnuteľnosť, ktorá zostáva v majetku lízingovej spoločnosti. Riziká a povinnosti nájomcu. Typy finančného lízingu. Operatívny lízing a jeho špecifiká. Operatívny versus fina...
Guardado en:
| Autor principal: | |
|---|---|
| Formato: | Capítulo de libro |
| Lenguaje: | checo |
| Materias: | |
| Etiquetas: |
Sin Etiquetas, Sea el primero en etiquetar este registro!
|
MARC
| LEADER | 00000naa$a2200000$$$4500 | ||
|---|---|---|---|
| 001 | 0028273 | ||
| 005 | 20231018124618.6 | ||
| 041 | 0 | |a cze | |
| 044 | |a CZ | ||
| 245 | 1 | 0 | |a Konec finančního leasingu? |c Pavel Cechl |
| 520 | |a Finančný lízing - prenájom, ktorý umožňuje nájomcovi za finančnú úhradu získať pre podnikateľské účely určitý stroj, alebo aj nehnuteľnosť, ktorá zostáva v majetku lízingovej spoločnosti. Riziká a povinnosti nájomcu. Typy finančného lízingu. Operatívny lízing a jeho špecifiká. Operatívny versus finančný lízing. Finančný lízing - najvyužívanejší nebankový produkt v Českej republike. | ||
| 610 | 2 | 0 | |a lízing finančný |
| 610 | 2 | 0 | |a lízing operatívny |
| 610 | 2 | 0 | |a obchod |
| 610 | 2 | 0 | |a nákup |
| 610 | 2 | 0 | |a nájomcovia |
| 610 | 2 | 0 | |a spoločnosti lízingové |
| 610 | 2 | 0 | |a úver |
| 610 | 2 | 0 | |a splátky |
| 610 | 2 | 0 | |a nájomné |
| 610 | 2 | 0 | |a zmluvy |
| 100 | 1 | |a Cechl, Pavel | |